000
00329nam a2200133Ia 4500
008
220216s9999 xx 000 0 und d
100
_a
Philip K M
245
0
_a
Rubber goods production in India
260
_b
Rubber Board Bulletin
_c
1980
300
_a
35-37
650
_a
India
650
_a
Rubber goods industry
942
_c
JS
999
_c
67627
_d
67627